MARC details
| 000 -CABECERA |
| campo de control de longitud fija |
01138nam a2200241 a 4500 |
| 001 - NÚMERO DE CONTROL |
| campo de control |
000009448 |
| 005 - FECHA Y HORA DE LA ÚLTIMA TRANSACCIÓN |
| campo de control |
20200929161610.0 |
| 008 - DATOS DE LONGITUD FIJA--INFORMACIÓN GENERAL |
| campo de control de longitud fija |
090930t1948 dr 001 0 spa d |
| 040 ## - FUENTE DE LA CATALOGACIÓN |
| Centro catalogador/agencia de origen |
DO-SdBNP |
| Lengua de catalogación |
spa |
| Centro/agencia transcriptor |
BNPHU4 |
| 082 ## - NÚMERO DE LA CLASIFICACIÓN DECIMAL DEWEY |
| Número de clasificación |
291.07117293 |
| Número de documento/Ítem |
P762s |
| 049 ## - FONDOS LOCALES (OCLC) |
| Fondos de biblioteca |
BNPD |
| 100 1# - ENTRADA PRINCIPAL--NOMBRE DE PERSONA |
| Nombre de persona |
Polanco Brito, Hugo Eduardo, |
| Fechas asociadas al nombre |
1918- |
| 9 (RLIN) |
24251 |
| 245 10 - MENCIÓN DE TÍTULO |
| Título |
Seminario conciliar Santo Tomás de Aquino : |
| Resto del título |
(1848-1948) / |
| Mención de responsabilidad, etc. |
Hugo E. Polanco B. |
| 260 ## - PUBLICACIÓN, DISTRIBUCIÓN, ETC. |
| Lugar de publicación, distribución, etc. |
Ciudad Trujillo, República Dominicana : |
| Nombre del editor, distribuidor, etc. |
San Francisco, |
| Fecha de publicación, distribución, etc. |
1948. |
| Fabricante |
Papelera Industrial Dominicana, |
| 300 ## - DESCRIPCIÓN FÍSICA |
| Extensión |
305, xxv p. ; |
| Dimensiones |
23 cm. |
| 504 ## - NOTA DE BIBLIOGRAFÍA, ETC. |
| Nota de bibliografía, etc. |
Incluye bibliografía y notas al pie de páginas. |
| 504 ## - NOTA DE BIBLIOGRAFÍA, ETC. |
| Nota de bibliografía, etc. |
Bibliografía : p.7-8. |
| 505 0# - NOTA DE CONTENIDO CON FORMATO |
| Información miscelánea |
Proemio -- |
| -- |
Fuentes -- |
| Título |
El Seminario conciliar durante la época colonial -- |
| -- |
Seminario conciliar Santo Tomás de Aquino -- |
| -- |
Documentos -- |
| -- |
Comienzo glorioso de un nuevo siglo -- |
| Información miscelánea |
Índice de nombres. |
| 610 24 - PUNTO DE ACCESO ADICIONAL DE MATERIA--NOMBRE DE ENTIDAD CORPORATIVA |
| Nombre de entidad corporativa o nombre de jurisdicción como elemento de entrada |
SEMINARIO CONCILIAR SANTO TOMÁS DE AQUINO |
| Subdivisión general |
HISTORIA |
| 9 (RLIN) |
24252 |
| 650 #4 - PUNTO DE ACCESO ADICIONAL DE MATERIA--TÉRMINO DE MATERIA |
| Término de materia o nombre geográfico como elemento de entrada |
Seminarios conciliares |
| Subdivisión general |
Historia |
| 9 (RLIN) |
24253 |
| 650 #4 - PUNTO DE ACCESO ADICIONAL DE MATERIA--TÉRMINO DE MATERIA |
| Término de materia o nombre geográfico como elemento de entrada |
Educación religiosa |
| Subdivisión general |
Historia |
| Subdivisión geográfica |
República Dominicana |
| 9 (RLIN) |
24254 |
| 910 ## - DATOS DE OPCIÓN DEL USUARIO (OCLC) |
| Datos de opción del usuario |
Validado. Control de calidad EMS. |